01194nam a2200133 4500008001000000020001800010082001500028100003700043245009400080260004300174300002800217505064700245650016800892707 C578c a9789872182236 a707bC578c aConverti, Julia (coordinación) aCircuitos Latinoamericanos. Circuitos de los medios binteracción, roles y perspectivas aBuenos AiresbFundación arteBAc2006 a212 p.bil.c22 x 15 cm t19/05. Cambios y efectos del arte latinoamericano en los medios masivos de comunicación norteamericanos a través de las notas y críticas a exposicionest20/05. Presencia del arte latinoamericano en las revistas de arte internacionales, ediciones en inglés (USA - Europa)t21/05. Revistas de arte regionales desde y de América Latina y España. Direcciones editoriales y circuitos de distribución regionales e internacionalest22/05. Revistas de crítica cultural en la región. Su política editorial ligada al arte latinoamericanot23/05. Diarios de gran circulación: política editorial y mercado de arte latinoamericano  xarte contemporáneoxarte latinoamericanoxarte - investigaciónxarte - revistasxarte - editorialesxarte - crítica culturalxarte - medios de comunicación